Normal view MARC view

Entry Nombre personal

Number of records used in: 1

001 - NÚMERO DE CONTROL

  • campo de control: 626

003 - IDENTIFICADOR DE NÚMERO DE CONTROL

  • campo de control: DLC

005 - FECHA Y HORA DE LA ÚLTIMA TRANSACCIÓN

  • campo de control: 20260225162205.0

008 - ELEMENTOS DE DATO DE LONGITUD-FIJA

  • campo de control de longitud fija: 880506n| acannaab| |n aaa |||

010 ## - NÚMERO DE CONTROL DE LA BIBLIOTECA DEL CONGRESO

  • Número de control de LC: n 88634005

040 ## - FUENTE DE CATALOGACIÓN

  • Centro catalogador/agencia de origen: DLC
  • Centro/agencia transcriptor: DLC
  • Centro/agencia modificador: DLC

100 10 - ENCABEZAMIENTO-NOMBRE DE PERSONA

  • Nombre de persona: Quiroga, Susana E.

670 ## - FUENTE DE DATOS ENCONTRADOS

  • Cita de la fuente: nuc88-54312: Maldavsky, D. El complejo de Edipo positivo, c1980
  • Información encontrada: (hdg. on CLU rept.: Quiroga, Susana E.; usage: Susana E. Quiroga)

670 ## - FUENTE DE DATOS ENCONTRADOS

  • Cita de la fuente: Adolescencia : del goce orgánico al hallazgo de objeto, 1997:
  • Información encontrada: t.p. (Susana Estela Quiroga; Facultad de Psicología, Universidad de Buenos Aires)